Sub1 & Sub2 Quiz - Statistics

General Stats
  • This quiz has been taken 111 times
  • The average score is 6 of 15
Answer Stats
Hint Answer % Correct
KKK amerikkka
81%
UHX/HX/HXI quauhxicalli/cuauhxicalli
72%
QVO miqvoth
67%
LZH alzheimer's
61%
FHU cliffhung
56%
IQR miqra/s
42%
XBY bixbyite/s
36%
FUQ fuqaha/fuqaha'
36%
MTK/TKU gesamtkunstwerk/s
36%
WWU tasawwuf/s
33%
JYM jymold
25%
AXD/XDR flaxdrop/s
19%
NQO masenqo
17%
IUV periuvular
14%
IJV/JVE bamischijven/nasischijven
11%
No matching quizzes found
Score Distribution
Percent of People with Each Score
Percentile by Number Answered
Your Score History
You have not taken this quiz